Auditoria interna Con enfoque al gobierno corporativo /

Detalles Bibliográficos
Autor principal: Espino Garca̕, Gabriel
Formato: eBook
Lenguaje:español
Publicado: Mx̌ico : Ediciones Fiscales ISEF, 2015
Materias:
Acceso en línea:Acceso restringido

MARC

LEADER 00000nam a22000007a 4500
005 20150216184736.0
007 cr|||| ||||
008 150216s2015 mx |||||s|||| 00||0 spa d
020 |a 978-368-726-841-3 
035 |a 12616 
040 |a vLex 
090 |c 5355  |d 5355 
100 1 |a Espino Garca̕, Gabriel  
245 1 0 |a Auditoria interna  |h [Recurso electrn̤ico] :  |b Con enfoque al gobierno corporativo /  |c Gabriel Espino Garca̕  
256 |a Servicio en ln̕ea 
260 |a Mx̌ico :  |b Ediciones Fiscales ISEF,  |c 2015 
300 |a 1 recurso electrn̤ico 
506 1 |a Contenido disponible en los productos indicados  |d vLex Global  |d vLex Global (Academic Edition, excluding Law Schools)  |d vLex Global (U.S. Academic Edition, Law Schools)  |d vLex Global (U.S. Academic Edition, excluding Law Schools)  |d vLex Global (Academic Edition, Law Schools) 
650 0 4 |a Auditoria  |z Mx̌ico 
650 0 4 |a Administracin̤ pb︢lica  |z Mx̌ico 
740 0 |a vLex Libros (Servicio en ln̕ea) 
856 4 0 |u http://vlex.com/source/auditoria-interna-con-enfoque-al-gobierno-corporativo-12616  |z Acceso restringido 
942 |c BOOK 
999 0 |a Auditing 
999 0 |a Public administration